Osmanlı İmparatorluğu'nun doğuşu (Record no. 782)

MARC details
000 -BAŞLIK
Sabit Uzunlukta Kontrol Alanı 00683na a2200229 4500
001 - KONTROL NUMARASI
Denetim Alanı 15545
003 - KONTROL NUMARASI IDENTIFIER
Denetim Alanı MIRAKIL
005 - SON İŞLEM TARİHİ VE ZAMANI
Denetim Alanı 20181213154801.0
008 - SABİT-BOY VERİ ELEMANLARI - GENEL BİLGİLER
Sabit Uzunlukta Kontrol Alanı 160913b tu 000 0
035 ## - SİSTEM KONTROL NUMARASI
Sistem Kontrol Numarası 14074
040 ## - KATALOGLAMA KAYNAK
Orijinal Kataloglama Ajansı Milas
Kataloglama Dili tur
Metne Dönüştürmek Ajansı TR-AnCHP
082 ## - DEWEY ONLU SINIFLANDIRMA NUMARASI
Sınıflandırma Numarası 956.1015
Ürün Numarası W57o 1985
090 ## - SINIFLAMA NUMARASI
Sınıflama Numarası 956.1015 W57o 1985
100 ## - ANA GİRİŞ - KİŞİSEL İSİM
Kişisel Ad Wittek, Paul
245 ## - BAŞLIK TABLOSU
Başlık Osmanlı İmparatorluğu'nun doğuşu
Sorumluluk Tablosu, Vb Paul Wittek; çeviren Fatmagül Berktay
260 ## - YAYIN, DAĞITIM, VB
Yayın, Dağıtım, Vb Yeri İstanbul
Yayıncı, Dağıtıcı, Vs Adı Kaynak Yayınları
Yayın, Dağıtım, Vb Tarihi 1985
300 ## - FİZİKSEL TANIM
Kapsam 63 s.
Boyutlar 19 sm.
650 ## - KONU KATMA GİRİŞ - TOPİKAL DÖNEM
Topikal Süreli Veya Coğrafi Ad Giriş Elemanı Osmanlı İmparatorluğu
Genel Alt Bölümü Türkiye
Kronolojik Alt Bölümü Tarih
651 ## - KONU KATMA GİRİŞ - COĞRAFİ ADI
Coğrafi İsim Türkiye
Genel Alt Bölümü Tarih
Kronolojik Alt Bölümü Osmanlı İmparatorluğu
700 ## - KATMA GİRİŞ - KİŞİSEL İSİM
Kişisel Ad Berktay, Fatmagül
942 ## - EKLENDİ GİRİŞ ELEMANLARI (KOHA)
Sınıflandırma Veya Raf Düzeni Kaynak
Koha Öğesi Türü Books
999 ## - SİSTEM KONTROL NUMARALARI (KOHA)
Koha Biblionumber 782
Koha Biblioitemnumber 782
Holdings
Kalıcı Konum Mevcut Konum Edinme Tarihi Edinim Kaynak Toplam Check-Out'Lar Tam Çağrı Numarası Barkod Tarih Son Görülme İtibaren Geçerli Fiyatlar Koha Öğesi Türü
CHP Kütüphanesi CHP Kütüphanesi 09/13/2016 Bağış   956.1015 W57o 1985 006001 09/13/2016 09/13/2016 Books